000 00669nam a2200253Ia 4500
005 20250425161814.0
008 250425s9999 xx 000 0 und d
041 _aspa
043 _aec
082 _a320.522
100 _aQUINTERO LOPEZ, RAFAEL
245 0 _aEL MITO DEL POPULISMO EN EL ECUADOR: ANALISIS DE LOS FUNDAMENTOS DEL ESTADO ECUATORIANO MODERNO [1895 - 1934]
250 _a3A ED.
260 _aEcuador
_bABYA -YALA
_c1997
260 _aQUITO
300 _a435
650 _aCAPITALISMO
650 _aPARTIDOS POLITICOS
650 _aPOPULISMO-ECUADOR
650 _aVELASQUISMO
710 _aABYA - YALA
942 _c01
010 _a30406
999 _c216482
_d216482